000 00583nam a22001815i 4500
001 185184
003 ES-MaACL
005 20250903084346.0
008 160405s1914 fr | |||||||| ||fre d
110 2 _aFélix Alcan, Éditeur.
_9158957
245 1 0 _aCatalogue complet par ordre alphabétique de noms d'auteurs.
260 _aParis :
_bFélix Alcan, éditeur,
_c1914.
300 _a60 p. ;
_c27 cm.
650 7 _aCatálogos de editores-
_yS.XX
_2
_9169795
650 4 _aCatálogos de editores-
_zFrancia
_912068
852 _aES-MaACL
_j1540-F-8
999 _c185184
_d185184